El tiempo en Copérnico, Galileo y Campanella
Saved in:
| Hovedforfatter: | |
|---|---|
| Format: | Bog |
| Sprog: | spansk |
| Udgivet: |
Buenos Aires
Clepsidra
1983
|
| Fag: | |
| Tags: |
Tilføj Tag
Ingen Tags, Vær først til at tagge denne postø!
|
MARC
| LEADER | 00000nam a2200000 a 4500 | ||
|---|---|---|---|
| 001 | UCX1090 | ||
| 003 | CL-VaPUC | ||
| 008 | 900604e19830000AG |||||||||||||||||spa|d | ||
| 082 | 0 | 4 | |a 115 |b GRA |2 21 |
| 100 | |a Grand Ruiz, Beatriz Hilda |e author |9 316499 | ||
| 245 | 1 | 3 | |a El tiempo en Copérnico, Galileo y Campanella |
| 300 | |a 133 p | ||
| 942 | |c BK | ||
| 945 | |d 19900604 00:00:00 | ||
| 260 | |a Buenos Aires |b Clepsidra |c 1983 | ||
| 650 | 0 | |a Tiempo |9 267892 | |
| 650 | 0 | |a Metafísica |9 265649 | |
| 650 | 0 | |a Infinito |9 312136 | |
| 583 | |a last modification |c 19900604 00:00:00 |k Rodrigo Vera | ||
| 999 | |c 222418 |d 222416 | ||
| 952 | |0 0 |1 0 |4 0 |6 115_000000000000000_GRA_1983 |7 0 |8 A |9 217118 |a BIBEDU |b BIBEDU |d 2019-11-15 |i 2860805 |o 115 GRA 1983 |p 2860805 |r 2019-11-15 |w 2019-11-15 |y BK |k FIL | ||